000 00305nam a2200121 a 4500
005 20140414093837.0
008 030610s19uu xx 00 eng d
050 _aCDR 909
_bDIS 2001
245 _aDiscover the orient.
650 _aDiscoveries
_xHistory
_xInteractive.
942 _cAVM
999 _c109077
_d109077